LIBRARY & INFORMATION CENTRE, KCAET, TAVANUR

ONLINE PUBLIC ACCESS CATALOGUE (OPAC)

Chaucer: The prologue to the canterbury tales / (Record no. 6956)

MARC details
000 -LEADER
fixed length control field 00383cam a2200145ua 4500
003 - CONTROL NUMBER IDENTIFIER
control field OSt
008 - FIXED-LENGTH DATA ELEMENTS--GENERAL INFORMATION
fixed length control field 231114b |||||||| |||| 00| 0 eng d
041 ## - LANGUAGE CODE
Language code of text/sound track or separate title eng
082 ## - DEWEY DECIMAL CLASSIFICATION NUMBER
Classification number 823.301
Item number SKE/CH
100 ## - MAIN ENTRY--AUTHOR NAME
Personal name Skeat, Walter W .
245 00 - TITLE STATEMENT
Title Chaucer: The prologue to the canterbury tales /
260 ## - PUBLICATION, DISTRIBUTION, ETC. (IMPRINT)
Place of publication London :
Name of publisher Oxford University Press ,
Year of publication 1890.
300 ## - PHYSICAL DESCRIPTION
Number of Pages 96 ; .
942 ## - ADDED ENTRY ELEMENTS (KOHA)
Koha item type Books
Holdings
Withdrawn status Lost status Damaged status Home library Current library Date acquired Full call number Accession Number Koha item type
Withdrawn     KAUAET KAUAET 07/04/2012 823.301 1190X Books
Withdrawn     KAUAET Sanskrit University 14/11/2023 823.301 SKE/CH 11901 Books
free website counter